01450cam a2200385 a 4500999001900000001000900019003000500028005001700033008004100050010001700091020001800108040001800126043001200144050002700156082001600183100002200199245003900221246003000260260003600290300002100326650005500347650003200402650003100434651002200465655003800487655002500525700003900550740002000589856009800609856009000707856008100797906004500878942001200923952012900935 c233704d23370412396386Nust20170310110144.0010501r20011991nyu 000 1 eng  a 2001034030 a9780671742560 aDLCcDLCdDLC an-us-in00aPS3563.C3884bP37 200100a813.54bMCN1 aMcNaught, Judith.10aTender triumph /cJudith McNaught.3 aParadise ; Tender triumph aNew York :bPocket Books,c2001 a744 p. ;c24 cm. 0aConsolidation and merger of corporationsvFiction. 0aDepartment storesvFiction. 0aWomen executivesvFiction. 0aIndianavFiction. 7aRomantic suspense fiction.2gsafd 7aLove stories.2gsafd12aMcNaught, Judith.tTender triumph.02aTender triumph.423Contributor biographical informationuhttp://www.loc.gov/catdir/bios/simon052/2001034030.html423Publisher descriptionuhttp://www.loc.gov/catdir/description/simon032/2001034030.html413Sample textuhttp://www.loc.gov/catdir/enhancements/fy0641/2001034030-s.html a7bcbccorignewd1eocipf20gy-gencatlg 2ddccBK 00102ddc40708FICaCLbCLcFICd2017-03-10l1m1o813.54 MCNpCL50q2021-07-18r2020-08-12s2020-08-12t1w2017-03-10yBK